| 000 | 00866nam a22002417a 4500 | ||
|---|---|---|---|
| 005 | 20140310183638.0 | ||
| 008 | 131212b xxu||||| |||| 00| 0 eng d | ||
| 020 | _a9781462506873 | ||
| 050 |
_aLB 1027.55 _b.As77 2013 |
||
| 245 |
_aAssessment for intervention : _ba problem-solving approach / _cedited by Rachel Brown-Chidsey, Kristina J. Andren. |
||
| 250 | _a2nd ed. | ||
| 260 |
_aNew York : _bThe Guilford Press, _c2013. |
||
| 300 |
_axiv, 385 p. : _bill. ; _c26 cm. |
||
| 500 | _aIncludes Bibliographic References and Index. | ||
| 521 | _aEDU | ||
| 650 |
_aSchool psychology _yUnited States. |
||
| 650 | _aPSYCHOLOGY / Psychotherapy / Child & Adolescent. | ||
| 650 | _aEDUCATION / Special Education / General. | ||
| 700 |
_aBrown-Chidsey, Rachel. _eeditor. |
||
| 700 |
_aAndren, Kristina J. _eeditor. |
||
| 942 |
_2lcc _cBK _kFOR |
||
| 999 |
_c25756 _d25756 |
||